000 00243nam a2200097Ia 4500
001 719417
005 20250826163042.0
008 250824s9999 xx 000 0 und d
245 0 _aORMAN
_cCLIVE CUSSLER VE JACK DU BRUL
260 _bALTIN KİTAPLAR
999 _c719417
_d719417